Моделирование структуры и свойств ОЦК и ГЦК решеток методом молекулярной динамики; Перспективы развития фундаментальных наук; Т. 1 : Физика

Xehetasun bibliografikoak
Parent link:Перспективы развития фундаментальных наук=Prospects of Fundamental Sciences Development: сборник научных трудов XIII Международной конференции студентов, аспирантов и молодых ученых, г. Томск, 26-29 апреля 2016 г./ Национальный исследовательский Томский политехнический университет (ТПУ) ; под ред. И. А. Курзиной, Г. А. Вороновой.— , 2016
Т. 1 : Физика.— 2016.— [С. 286-288]
Egile nagusia: Тхи Ми Хуэ
Erakunde egilea: Национальный исследовательский Томский политехнический университет (ТПУ) Физико-технический институт (ФТИ) Кафедра общей физики (ОФ)
Beste egile batzuk: Цзы Вэньян (научный руководитель), Чистякова Н. В. Надежда Владимировна
Gaia:Заглавие с титульного экрана
The atoms interaction mechanism are necessary to know for modeling structure and behavior of thematter. Molecular dynamic simulation is used for describing interaction between atoms in the matter. The totalfield energy at an arbitrary point in space is determined as the sum of pair interaction energy for describing theenergy of the atomic system. The reference structures of bcc (base centered cubic) and fcc (face centered cubic) are obtained and some their properties are calculated.
Hizkuntza:errusiera
Argitaratua: 2016
Gaiak:
Sarrera elektronikoa:http://earchive.tpu.ru/handle/11683/25834
Formatua: MixedMaterials Baliabide elektronikoa Liburu kapitulua
KOHA link:https://koha.lib.tpu.ru/cgi-bin/koha/opac-detail.pl?biblionumber=618143

MARC

LEADER 00000naa2a2200000 4500
001 618143
005 20231101133009.0
035 |a (RuTPU)RU\TPU\conf\16524 
035 |a RU\TPU\conf\16523 
090 |a 618143 
100 |a 20160524d2016 k y0rusy50 ca 
101 0 |a rus  |d eng 
102 |a RU 
105 |a y z 101zy 
135 |a drcn ---uucaa 
181 0 |a i  
182 0 |a b 
200 1 |a Моделирование структуры и свойств ОЦК и ГЦК решеток методом молекулярной динамики  |d Molecular dynamic symulation structure and properties of BBC and FCC lattices  |f Тхи Ми Хуэ, Цзы Вэньян  |g науч. рук. Н. В. Чистякова 
203 |a Текст  |c электронный 
230 |a 1 компьютерный файл (pdf; 179 Кb) 
300 |a Заглавие с титульного экрана 
320 |a [Библиогр.: с. 288 (4 назв.)] 
330 |a The atoms interaction mechanism are necessary to know for modeling structure and behavior of thematter. Molecular dynamic simulation is used for describing interaction between atoms in the matter. The totalfield energy at an arbitrary point in space is determined as the sum of pair interaction energy for describing theenergy of the atomic system. The reference structures of bcc (base centered cubic) and fcc (face centered cubic) are obtained and some their properties are calculated. 
461 1 |0 (RuTPU)RU\TPU\conf\16353  |t Перспективы развития фундаментальных наук  |l Prospects of Fundamental Sciences Development  |o сборник научных трудов XIII Международной конференции студентов, аспирантов и молодых ученых, г. Томск, 26-29 апреля 2016 г.   |o в 7 т.  |f Национальный исследовательский Томский политехнический университет (ТПУ) ; под ред. И. А. Курзиной, Г. А. Вороновой  |d 2016 
463 0 |0 (RuTPU)RU\TPU\conf\16354  |t Т. 1 : Физика  |v [С. 286-288]  |d 2016 
510 1 |a Molecular dynamic symulation structure and properties of BBC and FCC lattices  |z eng 
610 1 |a труды учёных ТПУ 
610 1 |a электронный ресурс 
610 1 |a компьютерное моделирование 
610 1 |a информационные технологии 
610 1 |a метод молекулярной динамики 
610 1 |a атомы 
700 0 |a Тхи Ми Хуэ 
701 0 |a Цзы Вэньян 
702 1 |a Чистякова  |b Н. В.  |c физик  |c ассистент Томского политехнического университета, кандидат физико-математических наук  |f 1982-  |g Надежда Владимировна  |2 stltpush  |4 727 
712 0 2 |a Национальный исследовательский Томский политехнический университет (ТПУ)  |b Физико-технический институт (ФТИ)  |b Кафедра общей физики (ОФ)  |h 136  |2 stltpush  |3 (RuTPU)RU\TPU\col\18734 
801 2 |a RU  |b 63413507  |c 20160628  |g RCR 
856 4 |u http://earchive.tpu.ru/handle/11683/25834 
942 |c BK